| 000 | 01955nam a2200385Ia 4500 | ||
|---|---|---|---|
| 001 | dia_5773 | ||
| 003 | CHAP | ||
| 005 | 20240409132708.0 | ||
| 007 | ta | ||
| 008 | 220117s2011 mx abdof 001 0 spa d | ||
| 040 |
_amxchpua _cCHAP |
||
| 090 |
_aT.C.570 _bR36 IAI _c2011 |
||
| 245 | 1 | 0 |
_aInterrelación Agricultura Industria realizado a la península de Yucatán / _c coordinación Marco Favio Ramírez Sepúlveda |
| 260 |
_aMéxico : _bEl autor, _c2011 |
||
| 300 |
_aca. 100 hojas: _bilustraciones, tablas, gráficas, mapas, fotos |
||
| 336 |
_2rdacontent _atexto _btxt |
||
| 337 |
_2rdamedia _ano mediado _bn |
||
| 338 |
_2rdacarrier _avolumen _bnc |
||
| 500 | _aGrado: 5° año Grupo: 02 Directorio: hojas 214-215 | ||
| 502 |
_aViaje de estudios _b(IAI) -- _cUACh. Departamento de Ingeniería Agroindustrial, _d2011 |
||
| 504 | _aBibliografía: hojas 166-167 | ||
| 505 | 0 | 0 | _tEmpresas visitadas: -- 1.Molino san Ignacio -- 2.Union de ejidos citricultores del sur del estado -- 3.Industria Agrícola maya -- 4.Unión de citricultores del sur del estado -- 5.Asociación ganadera local de porcicultores de Mérida -- 6.Industria Salinera de Mérida Yucatán -- 7.Huertas Magaña -- 8.Abasto de Mérida -- 9.Ingenio San Rafael de Pucte -- 10.COMERMARES -- 11.FIRA -- 12.Sociedad Cooperativa de Producción Apícola La flor de Tajonal |
| 650 | 1 | 3 |
_aIndustria del ganado y de la carne _9153076 _zMéxico _zYucatán |
| 650 | 1 | 3 |
_aMiel y productos fabricados por abejas _9143229 |
| 650 | 1 | 3 |
_aHoney and bee products _9147739 |
| 650 | 1 | 3 |
_aLivestock and meat industry _9153077 _zMexico _zYucatán |
| 700 | 1 |
_aRamírez Sepúlveda, Marco Favio _9150304 _ecoordinador |
|
| 856 | 4 | 2 |
_uhttp://10.13.5.2/ve/TC570IAI/TC570IAI2011.pdf _yDESCARGAR REPORTE |
| 901 | _aT.C.570 R36 IAI 2011 | ||
| 902 | _aM | ||
| 905 | _a5232272011 mx mdl 8223123322spa16 | ||
| 942 | _2local | ||
| 942 | _cVE | ||
| 999 |
_c176784 _d176784 |
||